000 01047cpcaa2200313 a 4500
001 mm 81041756
003 DLC
005 20260227111708.0
008 810618|||||||||||| eng
010 _amm 81041756
040 _aDLC
_cDLC
_dDLC
_edacs
072 7 _aL
_2lcmd
100 1 _aStreet, Alfred Billings,
_d1811?-1881.
245 0 0 _aAlfred Billings Street papers,
_f1818-1879.
300 _a1
_fitem.
300 _a1
_fcontainer.
300 _a0.2
_flinear feet.
506 0 _aOpen to research.
520 8 _aVolume containing poetry, prose, portraits, and a letter to George H. Treadwell.
545 0 _aLawyer, poet, and librarian.
546 _aCollection material in English.
650 0 _aPoetry.
600 1 0 _aTreadwell, George H.
_vCorrespondence.
656 7 _aLawyers.
_2itoamc
656 7 _aLibrarians.
_2itoamc
656 7 _aPoets.
_2itoamc
999 _c43161
_d43161